00772nam a2200205Ia 4500003000900000008004100009020002200050040001600072080001900088100003200107245013400139260004200273300001500315650003100330650002800361650001900389942000700408999001700415952013400432IN-BaIIA211028s9999 xx 000 0 eng d a978-3-527-40979-2 cIIA Library a530.145bZEL-1 aZelevinsky, Vladimir934312 0aQuantum physicsbvol. 1, from basics to symmetries and perturbationscVladimir Zelevinsky  aWeinheimbWiley-VCH Verlag Gmbhc2011 axiv, 602p. aDiscrete symmetries934313 aQuantum dynamics910561 aQuantum theory cBK c18012d18012 00104070aBANbBANcGENd2011-04-11eSIP g795.00l0o530.145/ ZEL-1p18934r2021-11-05v795.00w2011-04-11yBKGRs. 795.00